| 000 | 00892pam a2200265 a 4500 | ||
|---|---|---|---|
| 999 |
_c5925 _d5925 |
||
| 001 | 673580 | ||
| 003 | OSt | ||
| 005 | 20220915094530.0 | ||
| 008 | 951107s1997 nyua b 001 0 eng | ||
| 010 | _a 95047058 | ||
| 020 | _a0393969258 | ||
| 040 |
_aDLC _cALUPE UNIVERSITY _dDLC |
||
| 050 | 0 | 0 |
_aBF201 _b.R45 1997 |
| 082 | 0 | 0 |
_a153 _220 |
| 100 | 1 | _aReisberg, Daniel. | |
| 245 | 1 | 0 |
_aCognition : _bexploring the science of the mind / _cDaniel Reisberg. |
| 250 | _a1st ed. | ||
| 260 |
_aNew York : _bW.W. Norton, _cc1997. |
||
| 300 |
_axvi, 702 p. : _bill. ; _c25 cm. |
||
| 504 | _aIncludes bibliographical references (p. 623-682) and indexes. | ||
| 650 | 0 | _aCognitive psychology. | |
| 906 |
_a7 _bcbc _corignew _d1 _eocip _f19 _gy-gencatlg |
||
| 942 |
_2lcc _cBK _nMA |
||